Score 0/7 Timer 03:00
0 Plays Today
Question Answer Wrong Answers
Donald Trump is declared the winner of the US Presidential Election, eventually taking office as the ______ President.
2016
45th
82.5%
44th
9.7%
43rd
4.6%
42nd
1.6%
Cambodia gains their independence from ______.
1953
France
76.2%
Australia
1.9%
New Zealand
1.6%
China
20.1%
In Munich, Germany, police and government troops crush the ______, a failed coup led by Nazi Party leader Adolf Hitler.
1923
Beer Hall Putsch
73%
March on Munich
17.4%
Operation Barbarossa
5.5%
Spartacist Uprising
4.1%
The German ______ passes a controversial data retention bill, mandating storage of citizens’ telecommunications traffic data for six months without probable cause.
2007
Bundestag
70.9%
Riksdag
21.2%
Sejm
1.7%
Seimas
5%
At age 22, this man becomes the youngest World Chess Champion by beating fellow Soviet Anatoly Karpov.
1985
Garry Kasparov
68.8%
Boris Spassky
25.1%
Viswanathan Anand
1.3%
Vasily Smyslov
3.8%
This man is named president of Ford Motor Company, becoming the first non-Ford to serve in that post. He will resign a month later to join President John F. Kennedy’s administration.
1960
Robert McNamara
62%
Lyndon B. Johnson
21.1%
Donald Rumsfeld
7.8%
Charles Duncan Jr.
8.5%
This synthetic chemical element, with the symbol Ds and atomic number 110, is first created.
1994
Darmstadtium
35.7%
Dysprosium
43.4%
Dubnium
15.4%
Scandium
4.5%
Remove Ads.
Support Sporcle.
Get the best of Sporcle when you Go Orange. This ad-free experience offers more features, more stats, and more fun while also helping to support Sporcle. Thank you for becoming a member.

You're not logged in!

Compare scores with friends on all Sporcle quizzes.
OR
Log In

Show Comments

Extras

Top Quizzes Today


Score Distribution

Your Account Isn't Verified!

In order to create a playlist on Sporcle, you need to verify the email address you used during registration. Go to your Sporcle Settings to finish the process.

Report this User

Report this user for behavior that violates our Community Guidelines.

Details: